Programming the Web : (Record no. 21489)

000 -LEADER
fixed length control field 00627cam a22002054a 4500
020 ## - INTERNATIONAL STANDARD BOOK NUMBER
ISBN 9780072930962
020 ## - INTERNATIONAL STANDARD BOOK NUMBER
ISBN 0072866055
040 ## - CATALOGING SOURCE
Transcribing agency DLC
082 00 - DEWEY DECIMAL CLASSIFICATION NUMBER
Classification number 006 WEB 2004 A005 Or.
100 ## - MAIN ENTRY--AUTHOR NAME
Personal name BARRIE SOSINSKY VALDA HILLEY
245 10 - TITLE STATEMENT
Title Programming the Web :
Remainder of title an introduction /
260 ## - PUBLICATION, DISTRIBUTION, ETC. (IMPRINT)
Place of publication Boston :
Name of publisher McGraw-Hill Technology Education,
Year of publication c2004.
300 ## - PHYSICAL DESCRIPTION
Number of Pages xvii, 396 p. :
Other physical details ill. ;
Dimensions 23 cm. +
Accompanying material 1 CD-ROM (4 3/4 in.)
500 ## - GENERAL NOTE
General note Includes index.
650 #0 - SUBJECT ADDED ENTRY--TOPICAL TERM
Topical Term Internet programming.
650 #0 - SUBJECT ADDED ENTRY--TOPICAL TERM
Topical Term Programming languages (Electronic computers)
650 #0 - SUBJECT ADDED ENTRY--TOPICAL TERM
Topical Term World Wide Web.
700 1# - ADDED ENTRY--PERSONAL NAME
Personal name Hilley, Valda.
942 ## - ADDED ENTRY ELEMENTS (KOHA)
Koha item type ADB
952 ## - LOCATION AND ITEM INFORMATION (KOHA)
Withdrawn status [LOCAL, KOHA] 0
Holdings
Permanent Location Date acquired Koha item type Lost status Shelving location Barcode Current Location Full call number
Library Block A2023-06-23សៀវភៅភាសាអង់គ្លេស A005a071531Library Block A006 WEB 2004 A005 Or.
មជ្ឈមណ្ឌលឯការនៃសាកលវិទ្យាល័យភូមិន្ទកសិកម្មចំការដូង

Powered by Koha